000 01368nam0a2200325 4500
001 RU\NLR\BIBL_A\022397651
005 20260420022525.0
010 _a978-5-7133-1782-9
_91000
021 _aRU
_bКН-П-24-064636
_9КН-П-24-6434
035 _a(NLR Aleph) 022397651
090 _a13670629
_c13670629
100 _a20241202d2024 u y0rusy50 ca
101 0 _arus
102 _aRU
105 _aac z 000yy
181 0 _ai
_baxxe
182 0 _an
200 1 _aМасоны на службе Государства Российского, XVIII-XXI века
_fС. П. Карпачев (редактор-составитель) [и др.]
203 _aТекст
_bвизуальный
_cнепосредственный
210 _aМосква
_cМеждународные отношения
_d2024
215 _a413, [2] с.
_cил., цв. ил., портр.
_d30
606 1 _aМасонство
_xИстория
_yРоссия
_92502028
_3RU\NLR\AUTH\6601699316
686 1 _aЭ391.3-39(2)
702 1 _4220
_7ca
_8rus
_aКарпачев
_bС. П.
_cд-р ист. наук
_f1950-
_gСергей Павлович
_988482
_3RU\NLR\AUTH\77105557
711 0 2 _aОрден вольных каменщиков
_9735127
_3RU\NLR\AUTH\8810118108
942 _cBOOK
980 _aNB